000 00772nam a22002537a 4500
005 20260122160021.0
008 240305b ||||| |||| 00| 0 eng d
020 _a4586540184
040 _aSSBUL
_cSSBUL
082 _223
_a730.952
_bIr 21516 S-SAT
100 1 _aIrie, Taikichi
_937528
245 1 0 _aBuddhist images /
_cTaikichi Irie and Shigeni Aoyama.
250 _aeight edition.
260 _aJapan :
_bHoikusha publishing Co., Ltd,
_c1970.
300 _a136 pages ;
_bplates ;
_c15 cm.
500 _aShigeni Aoyama
500 _aS-SAT: Dr. Prof Sai Aung Tun
650 _aBuddhist sculpture
_934307
650 _aBuddhist art
_97471
650 _aJapanese Sculpture
_937529
651 _aJapan
_922437
700 _aAoyama, Shigeni
_937536
942 _2ddc
_cBK1
999 _c32329
_d32329